LEADER 01179nam a2200229 i 4500 001 000000357563 003 CaOOAMICUS 005 20240314135350.0 008 240314s2013 be u000 u eng u 020 $a978-2-503-54503-5 040 $aSeMil$bita 245 00$a2.1: The General Councils of Latin Christendom: from Constantinople 4. to Pavia-Siena (869-1424) /$ccurantibus A. García y García ... [et al.]. 264 1$aTurnhout :$bBrepols,$c2013. 300 $aXIV, 661 p. ;$c25 cm 700 1 $aGarcía y García, Antonio.$0(OLS)http://semarc/name/119342 773 0 $tConciliorum oecumenicorum generaliumque decreta.$dTurnhout : Brepols, 2006-$kCorpus christianorum. Conciliorum oecumenicorum generaliumque decreta$g2$w()28056 850 $aSeMil 852 $aSeMil$W1$xVenegono$y1$mSL2.E II 52/1$j246772$B248739$CSeMilBibl$Z2$F248739 $8I 996 $6020$a978-2-503-54503-5$9(OLS)http://semarc/number/299970 996 $6245$a2.1: The General Councils of Latin Christendom: from Constantinople 4. to Pavia-Siena (869-1424)$9(OLS)http://semarc/title/447820 996 $6264$aTurnhout :$bBrepols$9(OLS)http://semarc/publisher/29626 LEADER 00777naa a2200157 i 4500 001 000000296178 003 CaOOAMICUS 005 20180831172540.0 008 180831n xx u000 u und u 013 $a3629 040 $aSeMil$bita 100 1 $aMieth, Dietmar,$d<1940- >.$0(OLS)http://semarc/name/5916 245 10$aNorma morale e autonomia dell'uomo. Problema della legge naturale e sua relazione con la legge nuova. p. 173-198. 650 4$aLegge morale.$0(OLS)http://semarc/subject/5456 773 0 $aAngelini, Giuseppe $tProblemi e prospettive di teologia morale.$dBrescia : Queriniana, copyr. 1976.$w()50138 996 $6245$aNorma morale e autonomia dell'uomo. Problema della legge naturale e sua relazione con la legge nuova. p. 173-198.$9(OLS)http://semarc/title/372233